| 000 | 00707nam a22002297a 4500 | ||
|---|---|---|---|
| 999 |
_c1756 _d1756 |
||
| 001 | 7042 | ||
| 003 | BD-DhUAP | ||
| 005 | 20200216115806.0 | ||
| 008 | 200216s2001 sau||||| |||| 001 0 eng d | ||
| 020 | _a0787956767 | ||
| 040 |
_aBD-DhUAP _bEng _cBD-DhUAP _dBD-DhUAP |
||
| 082 |
_223 _a347.090285 KAT |
||
| 100 | _aKatsh, Ethan. | ||
| 245 |
_aOnline dispute resolution : _bresolving conflicts in cyberspace / _cEthan Katsh and Janet Rifkin. |
||
| 260 |
_aSan Francisco : _bJossey-Bass, _c©2001. |
||
| 300 |
_axiv, 226 pages ; _c23 cm. |
||
| 500 | _aInclude index. | ||
| 650 |
_aDispute resolution (Law) _vAutomation. |
||
| 650 |
_aMediation _vAutomation. |
||
| 700 | _aRifkin, Janet. | ||
| 942 |
_2ddc _cBK |
||